Normal view
MARC view
- Artech House mobile communications series
Entry Uniform Title
001 - CONTROL NUMBER
- control field: 398
003 - CONTROL NUMBER IDENTIFIER
- control field: NUST
005 - DATE AND TIME OF LATEST TRANSACTION
- control field: 20170511111539.0
008 - FIXED-LENGTH DATA ELEMENTS
- fixed length control field: 170511|| aca||aabn | a|a d
040 ## - CATALOGING SOURCE
- Original cataloging agency: NUST
- Transcribing agency: NUST
130 ## - HEADING--UNIFORM TITLE
- Uniform title: Artech House mobile communications series
670 ## - SOURCE DATA FOUND
- Source citation: Work cat.: (NUST)192085: Raisanen, Antti V. 397, Radio engineering for wireless communication and sensor applications--(E-BOOK), 2003.
